Score 0/15 Timer 05:00
1 Play Today
Question Answer Wrong Answers
Dory Ellen Degeneres
96.8%
Oprah Winfrey
1.3%
Kelly Ripa
1.6%
Woody Tom Hanks
95.3%
Kevin Bacon
2.4%
Bill Paxton
2.2%
Rex Wallace Shawn
84.6%
Mandy Patinkin
7.6%
André the Giant
5.1%
Sully John Goodman
81.9%
Steve Buscemi
5.9%
Jeff Bridges
11.3%
Joy Amy Poehler
78.4%
Tina Fey
17.8%
Jane Curtin
2.3%
Lightning McQueen Owen Wilson
75.5%
Luke Wilson
7.8%
Ben Stiller
13.7%
Stinky Pete the Prospector Kelsey Grammer
64.9%
David Hyde Pierce
10.1%
John Mahoney
22.7%
Carl Fredericksen Ed Asner
63%
Tim Allen
13.1%
Richard Attenborough
19.1%
Hamm John Ratzenberger
57.5%
Ted Danson
10.6%
George Wendt
27%
Sadness Phyllis Smith
57.5%
Mindy Kaling
29.7%
Angela Kinsey
8.3%
Lots-o'-Huggin' Bear Ned Beatty
54.9%
Jon Voight
20.3%
Burt Reynolds
21.7%
Syndrome Jason Lee
51.8%
Kevin Smith
23.8%
Jason Mewes
20.2%
Doc Hudson Paul Newman
50.6%
Robert Redford
29%
Dustin Hoffman
16.5%
Queen Elinor Emma Thompson
49.8%
Kate Winslet
28.3%
Gwyneth Paltrow
18.3%
Anton Ego Peter O'Toole
46.2%
Alec Guinness
31%
Omar Sharif
18.2%
Remove Ads.
Support Sporcle.
Get the best of Sporcle when you Go Orange. This ad-free experience offers more features, more stats, and more fun while also helping to support Sporcle. Thank you for becoming a member.

You're not logged in!

Compare scores with friends on all Sporcle quizzes.
OR
Log In

Show Comments

Extras

Top Quizzes Today


Score Distribution

Your Account Isn't Verified!

In order to create a playlist on Sporcle, you need to verify the email address you used during registration. Go to your Sporcle Settings to finish the process.

Report this User

Report this user for behavior that violates our Community Guidelines.

Details: